| 000 | 00463cam a2200133Ki 4500 | ||
|---|---|---|---|
| 100 | 1 |
_aWood, Evelyn, _949296 |
|
| 245 | 1 | 0 |
_aFrom midshipman to field marshal _cby Evelyn Wood ; with twenty-four illustrations and maps. |
| 250 | _a3rd ed. | ||
| 260 |
_aNew York : _bDutton, _c1906. |
||
| 300 |
_a1 online resource (2 v.) : _bill. |
||
| 526 |
_a0 _b0 _c0 _d355_009241000000000 |
||
| 856 | 4 | 0 | _uhttp://catalog.hathitrust.org/api/volumes/oclc/3340568.html |
| 942 |
_2ddc _cBK |
||
| 999 |
_c552194 _d552194 |
||